| 000 | 00542nam a2200205Ia 4500 | ||
|---|---|---|---|
| 003 | GCL | ||
| 008 | 140319s9999 xx 000 0 aSpa d | ||
| 040 |
_aGCL / _cGCL |
||
| 082 | 0 | 4 |
_a892.76 _bN N |
| 100 | 1 | _aNAGUIB MAHFOUZ | |
| 245 | 1 | 0 |
_aLAS NOCHES DE LAS MIL Y UNA NOCHES / _cNAGUIB MAHFOUZ |
| 260 |
_a[S.N] : _bTHE AMERICAN UNIVERSITY IN CAIRO PRESS ، _c1996 |
||
| 300 | _a252 P | ||
| 650 | 0 | 4 | _aEGYPT |
| 650 | 0 | 4 | _aNOVELS |
| 650 | 0 | 4 | _aARABIC LITERATURE |
| 650 | 0 | 4 | _aNAGUIB MAHFOUZ |
| 650 | 0 | 4 | _aARABIC STORY |
| 942 |
_2ddc _cBK |
||
| 999 |
_c12765 _d12765 |
||